| 000 | 01571cam a22004454i 4500 | ||
|---|---|---|---|
| 003 | PE-LiUPU | ||
| 005 | 20250731173320.0 | ||
| 008 | 150625s r 000 0 d | ||
| 020 | _a0801029961 | ||
| 035 | _a(Sirsi) i9780801029967 | ||
| 040 |
_aPE-LiUPU _bspa _cPE-LiUPU _erda |
||
| 049 | _aPRUA | ||
| 082 | 0 | 4 |
_a222.3207 _bD32 _221 |
| 100 | 1 |
_aDavis, Dale Ralph, _eautor. |
|
| 245 | 1 | 0 |
_aSuch a Great Salvation : _bExpositions of the book of Judges. |
| 264 | 1 |
_aGrand Rapids, Michigan : _bBaker Books, _c1991. |
|
| 300 |
_a227 páginas ; _c22 centímetros |
||
| 336 |
_atext _2rdacontent |
||
| 337 |
_aunmediated _2rdamedia |
||
| 338 |
_avolume _2rdacarrier |
||
| 505 | 0 | _aThe failure of a second generation (Judges 1:1-3:6. -The salvation of a long-suffering. -god (Jueges 3:7-16:31)The confusion of a depraved people (Judges 17-21). | |
| 526 | _aSEG42 | ||
| 526 | _aSEG41 | ||
| 526 | _aSEG40 | ||
| 526 | _aSEG39 | ||
| 526 | _aP94 | ||
| 526 | _aP87 | ||
| 526 | _aP86 | ||
| 526 | _aP85 | ||
| 526 | _aP77 | ||
| 526 | _aP76 | ||
| 526 | _aP35 | ||
| 630 |
_aBiblia. _pA.T. _pJudges _xCrítica, interpretación, etc. |
||
| 942 |
_2ddc _cBOOK |
||
| 949 |
_a222.3207 D32 _wDEWEY _c1 _i42312 _lCCODEBUL1 _mBUL _r0 _sY _tBOOK _u2015-6-25 _xTEOLOGIA _zUNKNOWN _0COMPRA _o.STAFF. Colección General |
||
| 994 |
_aC0 _bPEPRU |
||
| 596 | _a1 | ||
| 999 |
_a222.3207 D32 _wDEWEY _c46437 _i42312 _f2021-11-9 _g5 _lCCODEBUL1 _mBUL _r0 _sY _tBOOK _u2015-6-25 _xTEOLOGIA _zUNKNOWN _0COMPRA _o.STAFF. Colección General _d46437 |
||
| 980 |
_81 _gALBERTO SANCHEZ Responsable de Automatización |
||